Acceso a la información. Consolidar el Derecho (Record no. 8254)
[ view plain ]
| 000 -LEADER | |
|---|---|
| campo de control de longitud fija | 00390nam a2200145Ia 4500 |
| 001 - NÚMERO DE CONTROL | |
| campo de control | 2362 |
| 008 - DATOS DE LONGITUD FIJA--INFORMACIÓN GENERAL | |
| campo de control de longitud fija | 241024s9999 xx 000 0 und d |
| 020 ## - NÚMERO INTERNACIONAL ESTÁNDAR DEL LIBRO | |
| Número Internacional Estándar del Libro | 978-9945-486-03-2 |
| 082 ## - NÚMERO DE LA CLASIFICACIÓN DECIMAL DEWEY | |
| Número de clasificación | RD/384/M663a |
| 100 ## - ENTRADA PRINCIPAL--NOMBRE DE PERSONA | |
| Nombre de persona | Lilia Minaya, Patricia, Fernández |
| 245 #0 - MENCIÓN DEL TÍTULO | |
| Título | Acceso a la información. Consolidar el Derecho |
| 260 ## - PUBLICACIÓN, DISTRIBUCIÓN, ETC. | |
| Nombre del editor, distribuidor, etc. | CONARE |
| Fecha de publicación, distribución, etc. | 2012 |
| 901 ## - ELEMENTOS DE DATOS A LOCAL LDA (RLIN) | |
| a | 14/8/2012 10:25:02 a.m. |
No items available.